| 000 | 00380nam a22001457a 4500 | ||
|---|---|---|---|
| 005 | 20230905184511.0 | ||
| 008 | 230706b |||||||| |||| 00| 0 eng d | ||
| 082 |
_a 728.820 _bPAL-E |
||
| 100 | _aPalaces:Historic Royal | ||
| 245 |
_aExplore Hampton Court Palace _bSouvenir guidebook |
||
| 300 | _a76 | ||
| 650 | _aArchitecture | ||
| 700 | _aHistoric Royal palaces | ||
| 999 |
_c18872 _d18872 |
||